| 000 | 00802nam a22001817a 4500 | ||
|---|---|---|---|
| 005 | 20250403145348.0 | ||
| 010 | _aHIN-129583 | ||
| 020 |
_a9788196294038 _c350.00 |
||
| 035 | _aHN-101929 | ||
| 037 | _bDBAD | ||
| 082 | _a821 | ||
| 100 |
_aमहली, रंजीत कुमार _980226 |
||
| 245 |
_aमकड़े का घर किसने तोड़ा / _cरंजीत कुमार महली |
||
| 260 |
_aहरियाणा _bसतलुज प्रकाशन _c2023 |
||
| 270 |
_aएस.सी.एफ. 267 , (प्रथम तल)सेक्टर 16 _bपंचकुला , हरियाणा _e134113 _k0172-2566952 |
||
| 300 |
_a159पृ. _c24 सेमी (सजिल्द ) |
||
| 942 |
_2ddc _cHN _h821 _mमहली _eप्रथम |
||
| 999 |
_c210744 _d210744 |
||